[Event "Haarlem Nova College op-B 12th"]
[Site "Haarlem"]
[Date "2013.06.29"]
[Round "2"]
[White "Finkenflugel, Renzo"]
[Black "Rekelhof, Martin"]
[Result "1-0"]
[WhiteElo "1894"]
[BlackElo "1740"]
[PlyCount "79"]
[EventDate "2013.06.28"]
[EventType "swiss"]
[EventRounds "6"]
[EventCountry "NED"]
[SourceTitle "EXT 2015"]
[Source "ChessBase"]
[SourceDate "2014.11.20"]
[SourceVersion "1"]
[SourceVersionDate "2014.11.20"]
[SourceQuality "1"]

1. e4 g6 2. d4 b6 3. Nc3 Bb7 4. f4 d6 5. Nf3 Bg7 6. Bd3 Nd7 7. 0-0 e6 8. f5 gxf5 9. exf5 Bxf3 10. Qxf3 Bxd4+ 11. Kh1 Ngf6 12. Nb5 Ne5 13. Nxc7+ Ke7 14. Qxa8 Qxa8 15. Nxa8 Rxa8 16. Be2 Neg4 17. Bxg4 Nxg4 18. f6+ Bxf6 19. c3 Rg8 20. Bf4 Be5 21. Rae1 Bxf4 22. Rxf4 Ne5 23. Rh4 Rg7 24. Ra4 Nc6 25. Re3 f5 26. Rh3 Kf6 27. Rah4 Kg6 28. Rg3+ Kf6 29. Rxg7 Kxg7 30. Rc4 Ne7 31. Rc7 Kf6 32. Rxa7 h6 33. Rb7 Nd5 34. c4 Ne3 35. Rxb6 Nxc4 36. Rb4 d5 37. a4 Na5 38. Kg1 Ke5 39. Rb5 Nc4 40. a5 1-0